مقاومة الحشائش والأعشاب / (Record no. 15748)

MARC details
000 -الفاتح
حقل البيانات ثابتة الطول 01320nam a22003017i 4500
003 - محدد رقم الضبط
رقم الضبط EG-ScBUE
005 - وقت وتاريخ اخر تعامل مع التسجيلة
رقم الضبط 20260510091558.0
008 - عناصر البيانات ثابتة الطول - معلومات عامة
حقل البيانات ثابتة الطول 110727s1992 ua a frb 000 0 ara d
017 ## - رقم الإيداع القانونى
رقم الإيداع القانونى 1991 / 10044
020 ## - الرقم الدولى المعيارى للكتب
الرقم الدولى المعيارى للكتاب 9772080761
040 ## - مصدر الفهرسة
وكالة الفهرسة الأصلية EG-ScBUE
لغة الفهرسة ara
قواعد الوصف rda
وكالة النسخ EG-ScBUE
وكالة التعديل EG-ScBUE
082 04 - رقم تصنيف ديوى العشرى
رقم التصنيف 582.18
رقم المادة ز ي ن
رقم الطبعة 22
100 1# - المدخل الرئيسى - إسم شخصى
9 (RLIN) 26456
الإسم الشخصى زين الدين، محمد محمود،
الدور مؤلف.
245 10 - بيان العنوان
العنوان مقاومة الحشائش والأعشاب /
بيان المسئوليه,etc تأليف دكتور محمد محمود زين الدين، أستاذ بالمركز القومي للبحوث، دكتور كمال محمد محمود الهباشه، أستاذ بالمركز القومي للبحوث.
264 #1 - النشر، التوزيع
مكان الناشر او الموزع [القاهرة] :
اسم الناشر او الموزع مكتبة مدبولي،
تاريخ النشر أو التوزيع 1992.
300 ## - الوصف المادى
التعداد 387 صفحة :
تفاصيل ماديه اخرى للوعاء إيضاحيات ؛
أبعاد الوعاء 24 سم
336 ## - نوع المحتوى
source rdacontent
Carrier Type Term نص
Content Type Code txt
337 ## - نوع الوسيط
Media Type Term بدون وسيط
source rdamedia
Media Type Code n
338 ## - نوع الحامل أو الناقل
Carrier Type Term مجلد
Carrier Type Code nc
source rdacarrier
504 ## - تبصرة ببليوجرافية
تبصرة ببليوجرافية,الخ يشتمل على إرجاعات ببليوجرافية.
650 #7 - المدخل الاضافى بالموضوع-مصطلح موضوعى
9 (RLIN) 26459
مصطلح موضوعي أو اسم جغرافي كعنصر مدخل النباتات المتسلقة.
مصدر الرأس أو المصطلح BUEsh
650 #7 - المدخل الاضافى بالموضوع-مصطلح موضوعى
9 (RLIN) 26460
مصطلح موضوعي أو اسم جغرافي كعنصر مدخل الحشائش.
مصدر الرأس أو المصطلح BUEsh
650 #7 - المدخل الاضافى بالموضوع-مصطلح موضوعى
9 (RLIN) 26461
مصطلح موضوعي أو اسم جغرافي كعنصر مدخل الأعشاب.
مصدر الرأس أو المصطلح BUEsh
653 ## - مصطلح تكشيفى غير مقيد
Arrived date list July2011
655 ## - مصطلح تكشيفى-نوع/شكل
التقسيم الفرعي الشكلي Reading book
700 1# - المدخل الاضافى - اسم شخصى
9 (RLIN) 26458
الإسم الشخصى الهباشه، كمال محمد محمود،
الدور مؤلف.
942 ## - عناصر المدخل الإضافي( كوها)
مصدر التصنيف او مخطط الترفيف Dewey Decimal Classification
Koha [default] item type Book - Borrowing
Holdings
حالة التراجع حالة الفقد مصدر التصنيف او خطة الترفيف حالة تلف ليس للاعارة مجموعات كوها المكان الدائم المكان الحالي موقع الترفيف تاريخ الاكتساب Source of acquisition رقم الاستدعاء الباركود Date last seen نوع الوعاء
    Dewey Decimal Classification       Central Library Central Library First floor 27/07/2011 Donation 582.18 ز ى ن 000024462 15/07/2025 Book - Borrowing